Postavenie krasových regiónov v systéme geomorfologických jednotiek Slovenska

Bibliographic Details
Main Author: Jakál, Jozef, 1936-2025 (Author)
Format: Article
Language:Slovak
PhysicalDescription:Obr., tab.
ISBN:9788088924623
ISSN:0560-3137
Subjects:

MARC

LEADER 00000nab a2200000 ar4500
001 vtls009341951
003 SK-MaSNL
005 20260426101236.0
008 250507c2007 xo |r||||||||||00 b|slo
015 |a SNBRA2008/10  |2 snkbucl 
035 |a (uuid)074ed19c-5910-407b-b04a-05473ac00b6e 
035 |a urn:nbn:sk:snk-abad41 
035 |a (urnnbn)urn:nbn:sk:snk:ar-008kje 
038 |a SNKBUCL 
040 |a SNKBUCL  |b slo  |c SNKBUCL  |e AACR2 
041 0 |a slo  |b eng 
044 |a xo  |c SK 
080 |a 551.435.8:911.52  |x (437.6)  |2 2001 
080 |a 911.52:551.435.8  |x (437.6)  |2 2001 
100 1 |a Jakál, Jozef,  |d 1936-2025  |4 aut  |9 104902 
245 1 0 |a Postavenie krasových regiónov v systéme geomorfologických jednotiek Slovenska  |c Jozef Jakál 
300 |b Obr., tab. 
504 |a Bibliogr. odkazy 
546 |a Res. angl. 
650 0 7 |a geomorfologické jednotky  |2 snkbucl  |9 115600 
650 0 7 |a krasové oblasti  |2 snkbucl  |9 81827 
650 0 7 |a jaskyne  |2 snkbucl  |9 20772 
650 0 7 |a geomorfologická regionalizácia  |2 snkbucl  |9 1577672 
650 0 7 |a geografická nomenklatúra  |2 snkbucl  |9 1577673 
651 7 |a Slovensko  |2 snkbucl  |9 14231 
655 7 |a štúdie  |2 snkbucl  |9 57033 
773 0 |t Slovenský kras XLV  |d Liptovský Mikuláš : Slovenské múzeum ochrany prírody a jaskyniarstva ; Správa slovenských jaskýň, 2007  |g S. 5-13  |x 0560-3137  |z 9788088924623 
850 |a Slovenská národná knižnica 
852 |a Slovenská národná knižnica 
954 |a odborná, vedecká literatúra pôvodná (slovenská)  |2 lita 
958 |a article14 
958 |a OND 
958 |a NB 
958 |a EUIPO 
999 |c 3223630  |d 3225560